Pierre-Auguste Renoir, 1841-1919 : (Record no. 608348)
[ view plain ]
| 000 -LEADER | |
|---|---|
| fixed length control field | 00628nam a22002057a 4500 |
| 003 - CONTROL NUMBER IDENTIFIER | |
| control field | OSt |
| 005 - DATE AND TIME OF LATEST TRANSACTION | |
| control field | 20240227131612.0 |
| 008 - FIXED-LENGTH DATA ELEMENTS--GENERAL INFORMATION | |
| fixed length control field | 190516t xxu||||| |||| 00| 0 eng d |
| 020 ## - INTERNATIONAL STANDARD BOOK NUMBER | |
| International Standard Book Number | 9783822885543 |
| 040 ## - CATALOGING SOURCE | |
| Transcribing agency | 0 |
| 082 ## - DEWEY DECIMAL CLASSIFICATION NUMBER | |
| Classification number | 759.4 |
| Author Mark | FEI 1996 |
| 100 1# - MAIN ENTRY--PERSONAL NAME | |
| Personal name | Feist,Peter H |
| 9 (RLIN) | 121503 |
| 245 10 - TITLE STATEMENT | |
| Title | Pierre-Auguste Renoir, 1841-1919 : |
| Remainder of title | A dream of harmony/ |
| Statement of responsibility, etc. | Peter H. Feist |
| 260 ## - PUBLICATION, DISTRIBUTION, ETC. | |
| Name of publisher, distributor, etc. | Benedikt Taschen Verlag; |
| Date of publication, distribution, etc. | 1996. |
| 300 1# - PHYSICAL DESCRIPTION | |
| Extent | 95p.: |
| Other physical details | ill; |
| Dimensions | 23cm. |
| 650 ## - SUBJECT ADDED ENTRY--TOPICAL TERM | |
| Topical term or geographic name entry element | Painting, French |
| 9 (RLIN) | 121504 |
| 650 ## - SUBJECT ADDED ENTRY--TOPICAL TERM | |
| Topical term or geographic name entry element | Impressionism (Art) |
| 9 (RLIN) | 121505 |
| 942 ## - ADDED ENTRY ELEMENTS (KOHA) | |
| Source of classification or shelving scheme | |
| Koha item type | Book |
| Institution code [OBSOLETE] | SADA |
| Call number prefix | 759.4 FEI 1996 |
| Withdrawn status | Lost status | Source of classification or shelving scheme | Damaged status | Not for loan | Permanent Location | Current Location | Date acquired | Source of acquisition | Total Checkouts | Full call number | Barcode | Date last seen | Price effective from | Koha item type |
|---|---|---|---|---|---|---|---|---|---|---|---|---|---|---|
| School of Art Design and Architecture (SADA) | School of Art Design and Architecture (SADA) | 05/09/2019 | Donation | 759.4 FEI 1996 | SADAD0000425 | 02/27/2024 | 02/27/2024 | Book |
